Sports Quiz

Random Sports or NBA Quiz

Popular Basketball Players on Wikipedia Quiz Stats

 Plays Quiz not verified by Sporcle

Challenge
Share
Tweet
Embed
Score 0/31 Timer 07:00
0 Plays Today
million views (2008-2013) Name % Correct
49,88Michael Jordan
99.5%
30,95LeBron James
98.4%
32,48Kobe Bryant
97.2%
13,31Yao Ming
96.6%
16,99Magic Johnson
93.1%
9,21Larry Bird
90.1%
6,66Tim Duncan
89%
8,58Dirk Nowitzki
88.3%
22,58Shaquille O'Neal
85.6%
10,63Wilt Chamberlain
83.5%
7,26Pau Gasol
83.5%
11,42Dwyane Wade
80%
11,46Kareem Abdul-Jabbar
78.4%
10,37Kevin Durant
78.2%
8,70Tony Parker
72.7%
7,29Scottie Pippen
70.6%
million views (2008-2013) Name % Correct
7,68Kevin Garnett
68.8%
13,08Allen Iverson
67.9%
5,42Chris Bosh
66.5%
9,17Carmelo Anthony
66.1%
9,62Steve Nash
65.8%
8,21Charles Barkley
65.1%
7,93Ray Allen
61.7%
6,98Chris Paul
61.7%
6,90Jason Kidd
58.3%
5,47Tracy McGrady
57.8%
10,11Dwight Howard
57.6%
5,42Vince Carter
56.9%
9,75Derrick Rose
49.3%
12,05Dennis Rodman
47.5%
10,17Lamar Odom
17.9%

You're not logged in!

Compare scores with friends on all Sporcle quizzes.
Join for Free
OR
Log In

You Might Also Like...

Show Comments

Extras

Top Quizzes Today


Score Distribution

Your Account Isn't Verified!

In order to create a playlist on Sporcle, you need to verify the email address you used during registration. Go to your Sporcle Settings to finish the process.

Report this User

Report this user for behavior that violates our Community Guidelines.

Details: